Coldplay - Sky full of stars (all lyrics) - Statistics

General Stats
  • This quiz has been taken 510 times
  • The average score is 127 of 158
Answer Stats
Lyrics % Correct
a
99%
a sky
99%
full
99%
of
99%
sky
99%
stars
99%
I
98%
you
98%
your
91%
'Cause
89%
'cause
89%
you're
87%
You're
87%
my
82%
the
80%
do
79%
heart
78%
and
77%
in
77%
give
76%
don't
74%
go
74%
think
74%
care
73%
me
72%
if
71%
apart
70%
up
69%
I'm
68%
light
68%
saw
68%
on
66%
tear
65%
gonna
64%
wanna
62%
see
53%
arms
48%
die
45%
it
45%
ooh
44%
dark
38%
path
38%
get
33%
Such
31%
such
31%
heavenly
29%
gets
27%
view
27%
more
26%
lighter
22%
No matching quizzes found
Score Distribution
Percent of People with Each Score
Percentile by Number Answered
Your Score History
You have not taken this quiz